Hviezdna hodina

Bibliographic Details
Main Author: Procházka, Miroslav (Author)
Format: Article
Language:Slovak
PhysicalDescription:Obr. 4.
Subjects:

MARC

LEADER 00000nab a2200000 a 4500
001 vtls000249379
003 SK-MaSNL
005 20260304061318.0
008 250422c1986 xo 0 slo
015 |a SNBRB19rr/mm-uuuuu 
035 |a CL0259493 
035 |a urn:nbn:sk:snk-ab1cdj 
035 |a (urnnbn)urn:nbn:sk:snk:ar-001y76 
035 |a (uuid)93d099a4-6bc0-49cb-bdbf-62a7e55ae8c7 
040 |a SNKBUCL  |b slo  |c SNKBUCL  |e AACR2 
041 0 |a slo 
044 |a xo  |c SK 
080 |a 791.43(81)  |2 1981 
100 1 |a Procházka, Miroslav  |4 aut  |9 291103 
245 1 0 |a Hviezdna hodina  |c Miroslav Procházka ; Suzana Amaral 
300 |b Obr. 4. 
500 |a (Réžia Suzana Amaral.) 
650 0 7 |a Hviezdna hodina (film brazílsky)  |2 snkbucl  |9 1345635 
655 7 |a články z novín a časopisov  |2 snkbucl  |9 267496 
773 0 |t Film a divadlo  |g Roč. 30, č. 13 (1986), s. 32-33 
850 |a Slovenská národná knižnica 
852 |a Slovenská národná knižnica 
954 |a odborná, vedecká literatúra pôvodná (slovenská)  |2 lita 
958 |a article27 
958 |a OND 
958 |a RK 
958 |a EUIPO 
992 |a RBX 
999 |c 2732313  |d 2734243